• 首页
  • 本馆介绍
  • 公告通知
  • 最新文献
  • 馆藏检索
  • 电子资源
  • 读者导购
  • 参考咨询
  • 我的图书馆
  • 登录
  • 详细信息显示
  • 放入我的书架
  • 预约/预借图书
  • 作者相关作品
  • 分类相关作品
  • 丛书相关作品
  • 出版社相关作品

书目信息

  • 表格格式
  • 工作单格式
  • 卡片格式
题名:
儿童舞蹈24则
    
 
作者: 郦海英 , 田鸿生 编著
分册:  
出版信息: 上海   上海音乐出版社  1995
页数: 86页
开本: 19cm
丛书名:
单 册:
中图分类: J722.3
科图分类:
主题词: 舞蹈艺术--中国 , 舞剧--中国 , 儿童--舞蹈
电子资源:
ISBN: 7-80553-579-5
000 00650nam0 2200229 45
001 0304151034
005 20031219104109.3
010    @a7-80553-579-5@dCNY4.60
100    @a20030415d1995 km y0chiy0120 ea
101 0  @achi
105    @aa z 000yy
200 1  @a儿童舞蹈24则@AEr Tong Wu Dao 24 Ze@f郦海英,田鸿生编著@FLi Hai Ying,Tian Hong Sheng Bian Zhu
210    @a上海@c上海音乐出版社@d1995
215    @a86页@c插图@d19cm
606 0  @a舞蹈艺术@x中国
606 0  @a舞剧@x中国
606 0  @a儿童@x舞蹈
690    @aJ722.3@v4
701  0 @a郦海英@4编著
701  0 @a田鸿生@4编著
801    @aCN@bTSTC@c20030415
905    @b322739-743@dJ722.3@e42@f5
    
    儿童舞蹈24则/郦海英,田鸿生编著.-上海:上海音乐出版社,1995
    86页:插图;19cm
    
    
    ISBN 7-80553-579-5:CNY4.60
    
●
相关链接 在E读中查询图书 在五车中查询图书 在当当中查询图书 在豆瓣中查询图书


正题名:儿童舞蹈24则     索取号:J722.3/42         预约/预借

序号 登录号 条形码 馆藏地/架位号 状态 备注
1 0322739   203227392   第一借阅区/ [索取号:J722.3/42] 在馆    
2 0322740   203227409   第一借阅区/ [索取号:J722.3/42] 在馆    
3 0322741   203227418   第一借阅区/ [索取号:J722.3/42] 在馆    
4 0322742   203227427   第一借阅区/ [索取号:J722.3/42] 在馆    
5 0322743   203227436   第一样本阅览室/ [索取号:J722.3/42] 在馆    
唐山师范学院图书馆 欢迎您!
大连网信软件有限公司© 版权所有